000 00582nam a2200229Ia 4500
003 OSt
005 20220918210819.0
006 a|||||r|||| 00| 0
007 ta
008 220917b |||||||| |||| 00| 0 eng d
024 _a122,146
037 _cTextual
040 _aARTS
_cARTS
_beng
041 _2eng
_aeng
082 _aV8:120X:N7, K8
100 _aCameron Burgess
_9119287
245 0 _aFederal economic policy
260 _aNA
_bNA
_c1968
650 _aHISTORY
942 _hV8:120X:N7, K8
_cTEXL
_2CC
999 _c245338
_d245338